| 000 | 00599cab a2200217 4500 | ||
|---|---|---|---|
| 001 | WB3219-12 | ||
| 008 | 090401t1996 xxu||||| |||| 00| 0 eng d | ||
| 035 | _a(Sirsi) u1578 | ||
| 041 | _aeng | ||
| 245 | _aMoD disposals | ||
| 260 | _c1996 | ||
| 350 | _a0 | ||
| 490 |
_aProperty Week _v55(7) 16 May 1996, 8(1) |
||
| 520 | _aHillier Parker has won a raft of instructions for the sale of surplus Ministry of Defence property. | ||
| 650 | _aDEFENCE PROPERTY | ||
| 650 | _aHILLIER PARKER | ||
| 650 | _aMOD PROPERTY | ||
| 690 | _aPROPERTY-COMMERCIAL PROPERTY | ||
| 942 | _n0 | ||
| 948 | _c04/03/1997 | ||
| 999 |
_c890 _d890 |
||